[Event "AUS-ch U18"]
[Site "Canberra"]
[Date "2001.01.23"]
[Round "11.25"]
[White "Nagao, Daichi"]
[Black "Gaussen, Andrew"]
[Result "0-1"]
[WhiteElo "1199"]
[BlackElo "1089"]
[PlyCount "48"]
[EventDate "2001.01.??"]
[EventType "swiss"]
[EventRounds "11"]
[EventCountry "AUS"]
[SourceTitle "CBM 080 Extra"]
[Source "ChessBase"]
[SourceDate "2001.03.08"]
[SourceVersion "1"]
[SourceVersionDate "2001.03.08"]
[SourceQuality "1"]

1. d4 Nf6 2. Nf3 e6 3. Bg5 h6 4. Bh4 d5 5. e3 Nbd7 6. Bd3 c5 7. c3 c4 8. Bc2 b5 9. a3 a5 10. Nbd2 Bb7 11. 0-0 Bd6 12. Qe2 g5 13. Bg3 Bxg3 14. fxg3 Ne4 15. Nxe4 dxe4 16. Nd2 f5 17. Qh5+ Kf8 18. Nxe4 Bxe4 19. Bxe4 Nf6 20. Qg6 Ra7 21. Rxf5 exf5 22. Rf1 Rg7 23. Qxf5 Rf7 24. Qg6 Rhh7 0-1

[Event "AUS-ch U18"]
[Site "Canberra"]
[Date "2001.01.18"]
[Round "7.26"]
[White "Gaussen, Andrew"]
[Black "Hughes, Mark"]
[Result "0-1"]
[WhiteElo "1089"]
[BlackElo "1217"]
[PlyCount "54"]
[EventDate "2001.01.??"]
[EventType "swiss"]
[EventRounds "11"]
[EventCountry "AUS"]
[SourceTitle "CBM 080 Extra"]
[Source "ChessBase"]
[SourceDate "2001.03.08"]
[SourceVersion "1"]
[SourceVersionDate "2001.03.08"]
[SourceQuality "1"]

1. e4 e5 2. Nf3 Nc6 3. Bc4 Bc5 4. c3 Nf6 5. d4 exd4 6. cxd4 Bb4+ 7. Nc3 Nxe4 8. 0-0 Bxc3 9. d5 Ne5 10. bxc3 Nxc4 11. Qd4 0-0 12. Qxe4 Nd6 13. Qg4 f5 14. Qg3 Ne4 15. Qe5 d6 16. Qd4 Qf6 17. Bb2 b6 18. Qc4 Rf7 19. Qc6 Rb8 20. Qe8+ Rf8 21. Qc6 Qf7 22. Nd4 Nc5 23. Ne6 Nxe6 24. dxe6 Bxe6 25. Rfe1 Bxa2 26. Qa4 Bd5 27. Qxa7 Ra8 0-1